[Event "1st Grand Europe Open"]
[Site "Golden Sands BUL"]
[Date "2012.06.09"]
[Round "6.56"]
[White "Mgeladze, Tamaz"]
[Black "Nikolov, Sasho"]
[Result "0-1"]
[WhiteTitle "FM"]
[BlackTitle "IM"]
[WhiteElo "2195"]
[BlackElo "2384"]
[WhiteFideId "13601202"]
[BlackFideId "2900297"]
[EventDate "2012.06.04"]
[EventType "swiss"]

1. c4 e6 2. g3 d5 3. Nf3 Nf6 4. Bg2 Be7 5. O-O O-O 6. b3 b6 7. Bb2 Bb7 8. e3
Nbd7 9. Qe2 c5 10. Rd1 Qc7 11. Nc3 Rad8 12. Rac1 Qb8 13. d3 Qa8 14. Ne1 a6 15.
f4 b5 16. cxb5 d4 17. Bxb7 Qxb7 18. bxa6 Qxa6 19. exd4 Nb6 20. dxc5 Bxc5+ 21. d4
Rxd4 22. Qxa6 Ra4+ 23. Kf1 Rxa6 24. Ke2 Rb8 25. a4 Nc4 26. bxc4 Rxb2+ 27. Rc2
Rxc2+ 28. Nxc2 h5 29. Rd8+ Kh7 30. Rc8 Bg1 31. Nb4 Ra5 32. Nc6 Rc5 33. Kd3 e5
34. fxe5 Ng4 35. Ne7 Nxe5+ 36. Ke4 f5+ 37. Kxf5 Nc6+ 38. Ke6 Re5+ 39. Kd6 Nxe7
40. Kxe5 Nxc8 41. Ne2 Bxh2 42. Kd4 Kg6 43. Ke4 Kg5 44. Kf3 h4 45. gxh4+ Kxh4 46.
c5 g5 47. a5 Kh3 48. a6 g4+ 49. Ke3 Bb8 50. Kf2 Kh2 51. c6 Ne7 52. Nd4 Ba7 0-1

[Event "1st Grand Europe Open"]
[Site "Golden Sands BUL"]
[Date "2012.06.09"]
[Round "6.57"]
[White "L'Ami, Alina"]
[Black "Skomorokhina, Tatyana"]
[Result "1/2-1/2"]
[WhiteTitle "WGM"]
[BlackTitle "WFM"]
[WhiteElo "2383"]
[BlackElo "2161"]
[WhiteFideId "1210246"]
[BlackFideId "4124766"]
[EventDate "2012.06.04"]
[EventType "swiss"]

1. d4 Nf6 2. c4 c5 3. d5 b5 4. cxb5 a6 5. e3 d6 6. Nc3 g6 7. Nf3 Bg7 8. a4 O-O
9. Be2 axb5 10. Bxb5 Ba6 11. O-O Nbd7 12. Re1 Ng4 13. Ra3 Nge5 14. Nxe5 Nxe5 15.
f4 Nc4 16. Bxc4 Bxc4 17. e4 Qb6 18. e5 Rfd8 19. Re4 Qa6 20. b3 Bd3 21. Re3 c4
22. bxc4 Bxc4 23. Re4 e6 24. dxe6 Bxe6 25. Rd4 Qa5 26. Nb5 dxe5 27. fxe5 Bxe5
28. Rxd8+ Rxd8 29. Qe2 Bf6 30. h3 h5 31. Bf4 Qb4 32. Rf3 Qxa4 33. Nd6 Bd5 34.
Rf1 Qd4+ 35. Kh2 Ra8 36. Nb5 Qb4 37. Nc7 Bc4 38. Qe4 Ra2 39. Nd5 Bxd5 40. Qxd5
Ra5 41. Qc6 Rf5 42. Bd6 Qxd6+ 43. Qxd6 Be5+ 44. Qxe5 Rxe5 45. Rf4 g5 46. Ra4 Kg7
47. Rb4 f5 48. Rb7+ Kf6 49. Rb6+ Re6 50. Rb5 f4 51. Kg1 Re5 52. Rb6+ Kf5 53. Rh6
h4 54. Rh8 Ke4 55. Kf2 1/2-1/2

[Event "1st Grand Europe Open"]
[Site "Golden Sands BUL"]
[Date "2012.06.09"]
[Round "6.58"]
[White "Xylogiannopoulos, Antonios"]
[Black "Rzayev, Bahruz"]
[Result "0-1"]
[WhiteElo "2148"]
[BlackElo "2380"]
[WhiteFideId "4215133"]
[BlackFideId "13403036"]
[EventDate "2012.06.04"]
[EventType "swiss"]

1. e4 e5 2. Nf3 Nc6 3. Bb5 a6 4. Ba4 d6 5. c3 Bd7 6. d4 Nf6 7. Nbd2 Qe7 8. O-O
g6 9. Re1 Bg7 10. d5 Nd8 11. Bxd7+ Nxd7 12. a4 O-O 13. a5 f5 14. b4 f4 15. Nb3
g5 16. Nfd2 Rf6 17. c4 Rg6 18. g4 fxg3 19. fxg3 g4 20. Nf1 Nf6 21. Qd3 Bh6 22.
Bxh6 Rxh6 23. Ne3 Rh5 24. Rf1 Nf7 25. Nd2 Ng5 26. Rf5 Qg7 27. Raf1 Nh3+ 28. Kg2
Rxf5 29. Nxf5 Qg5 30. Nh4 Nh5 31. Rf5 Qxf5 32. Nxf5 N3f4+ 33. gxf4 Nxf4+ 34. Kf2
Nxd3+ 35. Ke3 Nxb4 36. Nh6+ Kg7 37. Nxg4 Rf8 38. c5 h5 39. Nf2 dxc5 40. Nc4 Nc2+
41. Ke2 Nd4+ 42. Ke1 Nf3+ 43. Ke2 Nxh2 44. Nxe5 Rxf2+ 45. Kxf2 Ng4+ 46. Nxg4
hxg4 47. e5 Kf7 0-1

[Event "1st Grand Europe Open"]
[Site "Golden Sands BUL"]
[Date "2012.06.09"]
[Round "6.59"]
[White "Mrdja, Milan"]
[Black "Melashvili, Nino"]
[Result "1-0"]
[WhiteTitle "IM"]
[BlackTitle "WIM"]
[WhiteElo "2372"]
[BlackElo "2158"]
[WhiteFideId "14500337"]
[BlackFideId "13600397"]
[EventDate "2012.06.04"]
[EventType "swiss"]

1. e4 d5 2. exd5 Nf6 3. Bb5+ Bd7 4. Be2 Nxd5 5. d4 g6 6. c4 Nb6 7. Nc3 c6 8. c5
Nd5 9. Qb3 Nxc3 10. bxc3 b6 11. Bc4 e6 12. Nf3 Be7 13. O-O O-O 14. Bf4 1-0

[Event "1st Grand Europe Open"]
[Site "Golden Sands BUL"]
[Date "2012.06.09"]
[Round "6.60"]
[White "Gavriilidis, Georgios"]
[Black "Shirazi, Kamran"]
[Result "0-1"]
[BlackTitle "IM"]
[WhiteElo "2135"]
[BlackElo "2372"]
[WhiteFideId "4206894"]
[BlackFideId "2000733"]
[EventDate "2012.06.04"]
[EventType "swiss"]

1. d4 Nf6 2. c4 a6 3. g3 b5 4. Bg2 Nc6 5. b3 bxc4 6. bxc4 Rb8 7. Nf3 g6 8. O-O
Bg7 9. Nbd2 O-O 10. Ba3 d6 11. Rb1 Rb6 12. Rxb6 cxb6 13. Qb3 Bd7 14. Rb1 b5 15.
c5 Be6 16. Qb2 Nd5 17. e4 b4 18. exd5 bxa3 19. Qb3 Na5 20. Qxa3 Bxd5 21. Rb6 Nc4
22. Nxc4 Bxc4 23. Qb4 dxc5 24. Qxc5 Be2 25. d5 Qc8 26. Qe3 Qc2 27. h4 Qxa2 28.
Kh2 Bc4 29. d6 exd6 30. Rxd6 a5 31. h5 Qb3 32. Qd2 Qb1 0-1

[Event "1st Grand Europe Open"]
[Site "Golden Sands BUL"]
[Date "2012.06.09"]
[Round "6.61"]
[White "Mintenko, Heorhiy"]
[Black "Kashlinskaya, Alina"]
[Result "0-1"]
[BlackTitle "WGM"]
[WhiteElo "2121"]
[BlackElo "2372"]
[WhiteFideId "14119102"]
[BlackFideId "4198026"]
[EventDate "2012.06.04"]
[EventType "swiss"]

1. d4 Nf6 2. Nf3 g6 3. c3 Bg7 4. h3 O-O 5. Bf4 d6 6. e3 Nbd7 7. Bc4 c5 8. O-O b6
9. Nbd2 Bb7 10. Re1 d5 11. Bd3 Re8 12. Ne5 Nxe5 13. Bxe5 Bh6 14. a4 Nd7 15. Bg3
e5 16. dxe5 Nxe5 17. Be2 Qf6 18. Nf3 Nxf3+ 19. Bxf3 Rad8 20. Qb3 Bc6 21. Rad1
Qe6 22. Be2 Re7 23. Bb5 Bb7 24. Be2 a6 25. Bf3 Red7 26. Re2 f5 27. Red2 g5 28.
e4 fxe4 29. Bg4 Qc6 30. Bxd7 Rxd7 31. Re2 Bg7 32. Rde1 Rf7 33. c4 dxc4 34. Qxc4
Qd7 35. Qb3 b5 36. axb5 axb5 37. Qe3 Qd5 38. Qd2 Bd4 39. Kh2 Re7 40. Rd1 b4 41.
f3 e3 42. Qd3 Re6 43. Ra1 h5 44. Qb5 h4 45. Bc7 Re7 46. Bb8 Qd8 47. Ba7 Qd6+ 48.
Kh1 Qg3 49. Qc4+ Kg7 50. f4 Qxh3+ 51. Kg1 Bxg2 52. Rxg2 e2+ 53. Qxd4+ cxd4 54.
Bxd4+ Kh7 55. Bf2 gxf4 56. Re1 f3 57. Rh2 Rg7+ 58. Kh1 Qf1+ 0-1

[Event "1st Grand Europe Open"]
[Site "Golden Sands BUL"]
[Date "2012.06.09"]
[Round "6.62"]
[White "Skomorokhin, Roman"]
[Black "Banov, Boil"]
[Result "1-0"]
[WhiteTitle "IM"]
[WhiteElo "2356"]
[BlackElo "2153"]
[WhiteFideId "4112610"]
[BlackFideId "2905388"]
[EventDate "2012.06.04"]
[EventType "swiss"]

1. d4 d5 2. c4 c6 3. Nf3 Nf6 4. Qb3 g6 5. Nc3 Bg7 6. cxd5 cxd5 7. Bg5 e6 8. e3
O-O 9. Bd3 b6 10. O-O Ba6 11. Bxa6 Nxa6 12. Ne5 h6 13. Bh4 g5 14. Qa4 Nb8 15.
Bg3 Nh5 16. Rac1 Nxg3 17. hxg3 f6 18. Nd3 Rf7 19. g4 Bf8 20. f4 Qd7 21. Qxd7
Nxd7 22. f5 e5 23. Nxd5 exd4 24. exd4 Rd8 25. Nc7 Nc5 26. Nxc5 Bxc5 27. dxc5
Rxc7 28. cxb6 Rb7 29. bxa7 Rxa7 30. a3 Ra4 31. Rfd1 Rb8 32. Rd7 Rxg4 33. Rcc7
Rf4 34. Rg7+ Kh8 35. Rh7+ Kg8 36. Rcg7+ Kf8 37. Rf7+ Kg8 38. Rhg7+ Kh8 39. Rg6
Rxf5 40. Rxh6+ Kg8 41. Rfxf6 Rxf6 42. Rxf6 Rxb2 43. Rg6+ Kf7 44. Rxg5 Kf6 45.
Ra5 Ra2 46. Kh2 Kg6 47. Kh3 Kf6 48. g3 Kg6 49. Kh4 Kf6 50. Kg4 Kg6 51. Ra6+ Kf7
52. Kg5 Kg7 53. Ra7+ Kf8 54. g4 Kg8 55. Kg6 Kf8 56. g5 Ra1 57. a4 Rc1 58. a5
Rc6+ 59. Kh7 Rc5 60. Kh6 Rc6+ 61. g6 Rc1 62. g7+ 1-0

[Event "1st Grand Europe Open"]
[Site "Golden Sands BUL"]
[Date "2012.06.09"]
[Round "6.63"]
[White "Asparuhov, Parvan"]
[Black "Bykov, Alexey1"]
[Result "0-1"]
[BlackTitle "FM"]
[WhiteElo "2077"]
[BlackElo "2346"]
[WhiteFideId "2905647"]
[BlackFideId "4165365"]
[EventDate "2012.06.04"]
[EventType "swiss"]

1. e4 e5 2. Nf3 Nc6 3. Bc4 Bc5 4. d3 Nf6 5. c3 O-O 6. Bb3 d5 7. Qe2 h6 8. Bc2 a6
9. Nbd2 Re8 10. h3 Nh5 11. Nb3 Bb6 12. g3 Be6 13. Bd2 a5 14. Nh4 Nf6 15. Qf3 a4
16. Nc1 d4 17. c4 Ba5 18. Bxa5 Rxa5 19. Qd1 a3 20. b3 Qe7 21. Ne2 Nb4 22. f3 Nh5
23. Ng2 Nf6 24. g4 Nd7 25. O-O g6 26. Ng3 Kh7 27. Qd2 Rf8 28. Bd1 Raa8 29. Be2
c6 30. Rac1 Rac8 31. Kh2 c5 32. Ra1 Qg5 33. Qd1 Rce8 34. Qc1 Qxc1 35. Rfxc1 f5
36. Kg1 Rf7 37. Ne1 Nb8 38. Nc2 Nxc2 39. Rxc2 Nc6 40. Rf1 Nb4 41. Rd2 Ref8 42.
Kg2 Kg7 43. Kh2 fxg4 44. hxg4 Kf6 45. Rh1 Kg5 46. Kg2 Rh7 47. Nf1 h5 48. Ng3
Rfh8 49. gxh5 gxh5 50. Kf2 h4 51. Nf1 Rg8 52. Rg1+ Kf4 53. Rxg8 Bxg8 54. Nh2 Be6
55. Rd1 Rg7 56. Bf1 h3 57. Ng4 Bxg4 58. fxg4 Rh7 59. g5 h2 60. Bg2 Kxg5 61. Kg3
Nxa2 62. Ra1 Nb4 63. Bh1 a2 64. Kf3 b6 65. Ke2 Rh3 0-1

[Event "1st Grand Europe Open"]
[Site "Golden Sands BUL"]
[Date "2012.06.09"]
[Round "6.64"]
[White "Jevtic, Sasa"]
[Black "Ibryamov, Ilhan"]
[Result "1/2-1/2"]
[WhiteTitle "FM"]
[WhiteElo "2315"]
[BlackElo "2142"]
[WhiteFideId "920452"]
[BlackFideId "2918854"]
[EventDate "2012.06.04"]
[EventType "swiss"]

1. d4 d5 2. c4 e6 3. Nc3 Nf6 4. cxd5 exd5 5. Bg5 Be7 6. Qc2 c6 7. e3 Nbd7 8. Bd3
O-O 9. Nf3 Re8 10. O-O Nf8 11. h3 Ng6 12. Ne5 Nd7 13. Bxe7 Qxe7 14. f4 Ndxe5 15.
dxe5 Qh4 16. Rf3 Bd7 17. Raf1 Rad8 18. Ne2 b6 19. Rg3 c5 20. e6 fxe6 21. Bxg6
hxg6 22. Qxg6 Qh7 23. Qg5 Bb5 24. Rf2 Bxe2 25. Rxe2 Rd7 26. Kh2 Qf5 27. Qh4 c4
28. Rg5 Qf6 29. Rf2 b5 30. f5 Rf7 31. fxe6 Qxe6 32. Rxf7 Kxf7 33. Qh7 Rg8 34.
Rf5+ Ke7 35. Qh4+ Kd6 36. Qf4+ Kc6 37. g3 Re8 38. Rf7 Re7 39. Rxe7 Qxe7 40. Kg2
b4 41. Qd4 1/2-1/2

[Event "1st Grand Europe Open"]
[Site "Golden Sands BUL"]
[Date "2012.06.09"]
[Round "6.65"]
[White "Todorov, Ognjan"]
[Black "Yordanova, Svetla"]
[Result "1/2-1/2"]
[WhiteTitle "IM"]
[BlackTitle "WIM"]
[WhiteElo "2305"]
[BlackElo "2095"]
[WhiteFideId "2900521"]
[BlackFideId "2905108"]
[EventDate "2012.06.04"]
[EventType "swiss"]

1. d4 Nf6 2. c4 c5 3. d5 e6 4. Nc3 exd5 5. cxd5 d6 6. e4 g6 7. h3 Bg7 8. Nf3 O-O
9. Bd3 b5 10. O-O b4 11. Nb1 Re8 12. Nbd2 Ba6 13. Qc2 Bxd3 14. Qxd3 Nbd7 15. Re1
Nb6 16. Rb1 a5 17. b3 a4 18. Bb2 axb3 19. axb3 Nfd7 20. Bxg7 Kxg7 21. Nf1 f6 22.
Qd2 Ne5 23. N3h2 Ra3 24. f4 Nf7 25. Ng3 Nd7 26. Ng4 Qb6 27. Kh2 Qa6 28. Ne3 Ra2
29. Rb2 Ra8 30. Reb1 Rxb2 31. Rxb2 Nb6 32. Qc2 Qa1 33. Rb1 Qa2 34. Rb2 Qa1 35.
Rb1 Qa2 1/2-1/2

[Event "1st Grand Europe Open"]
[Site "Golden Sands BUL"]
[Date "2012.06.09"]
[Round "6.66"]
[White "Raeva, Elitsa"]
[Black "Imnadze, Nato"]
[Result "1-0"]
[WhiteTitle "WIM"]
[WhiteElo "2284"]
[BlackElo "2052"]
[WhiteFideId "2906660"]
[BlackFideId "13600974"]
[EventDate "2012.06.04"]
[EventType "swiss"]

1. c4 e5 2. Nc3 Bb4 3. e3 Bxc3 4. bxc3 Nc6 5. Ne2 d6 6. Ng3 Nf6 7. Be2 O-O 8.
O-O Rb8 9. d3 Ne7 10. f4 exf4 11. Rxf4 Ng6 12. Rf1 d5 13. cxd5 Nxd5 14. Qc2 Qe7
15. e4 Qc5+ 16. d4 Qxc3 17. Qxc3 Nxc3 18. Bc4 Be6 19. d5 Bd7 20. Bb2 Bb5 21.
Bxb5 Nxb5 22. Rac1 Rbc8 23. a4 Nd6 24. e5 Ne8 25. d6 Rd8 26. dxc7 Rc8 27. Ba3
Nxe5 28. Nf5 Ng6 29. Bxf8 Kxf8 30. Rfd1 Rxc7 31. Rxc7 Nxc7 32. Rd7 Ne6 33. Rxb7
Kg8 34. Rxa7 Ngf8 35. a5 1-0

[Event "1st Grand Europe Open"]
[Site "Golden Sands BUL"]
[Date "2012.06.09"]
[Round "6.67"]
[White "Baghdasaryan, Vahe"]
[Black "Chen, Yang"]
[Result "1/2-1/2"]
[WhiteElo "2409"]
[BlackElo "2094"]
[WhiteFideId "13303139"]
[BlackFideId "8602360"]
[EventDate "2012.06.04"]
[EventType "swiss"]

1. Nf3 d5 2. d4 Nf6 3. c4 c6 4. e3 Bf5 5. Qb3 Qb6 6. Nc3 e6 7. c5 Qc7 8. Nh4 Bg6
9. Nxg6 hxg6 10. g3 Nbd7 11. Bg2 Be7 12. O-O b6 13. cxb6 Qxb6 14. Qc2 Rc8 15.
Na4 Qb7 16. Bd2 c5 17. dxc5 Nxc5 18. Nxc5 Bxc5 19. b4 Bd6 20. Qa4+ Qd7 21. b5
Rc5 22. Qa6 Rxb5 23. Rfb1 Rxb1+ 24. Rxb1 O-O 25. Rb7 Qc8 26. Rxa7 Qc2 27. Qxd6
Qd1+ 28. Bf1 Ne4 29. Qa6 Qxd2 30. Qe2 Qc1 31. Kg2 Rb8 32. Kf3 f5 33. Qd3 Qc5 34.
Qa6 Qc8 35. Qe2 Qc5 36. Ra6 1/2-1/2

[Event "1st Grand Europe Open"]
[Site "Golden Sands BUL"]
[Date "2012.06.09"]
[Round "6.68"]
[White "Panbukchian, Valentin"]
[Black "Malkawi, Fadi"]
[Result "1-0"]
[WhiteTitle "IM"]
[BlackTitle "FM"]
[WhiteElo "2359"]
[BlackElo "2020"]
[WhiteFideId "2900637"]
[BlackFideId "8100420"]
[EventDate "2012.06.04"]
[EventType "swiss"]

1. f4 d5 2. Nf3 c5 3. g3 Nc6 4. Bg2 g6 5. O-O Bg7 6. d3 f5 7. c3 Nf6 8. Re1 O-O
9. Nbd2 Kh8 10. e4 dxe4 11. dxe4 fxe4 12. Ng5 e5 13. Ndxe4 Qxd1 14. Rxd1 Nxe4
15. Nxe4 Bg4 16. Re1 c4 17. Nd6 exf4 18. Bxf4 Na5 19. Bd5 h6 20. Re7 g5 21. Be3
Bf3 22. Nf7+ Kh7 23. Bxf3 1-0

[Event "1st Grand Europe Open"]
[Site "Golden Sands BUL"]
[Date "2012.06.09"]
[Round "6.69"]
[White "Bozov, Ahmet"]
[Black "Videnova, Iva"]
[Result "0-1"]
[BlackTitle "WGM"]
[WhiteElo "2095"]
[BlackElo "2313"]
[WhiteFideId "2906082"]
[BlackFideId "2907763"]
[EventDate "2012.06.04"]
[EventType "swiss"]

1. e4 c5 2. Nf3 d6 3. d4 cxd4 4. Nxd4 Nf6 5. Nc3 g6 6. Be3 Bg7 7. f3 Nc6 8. Qd2
O-O 9. O-O-O d5 10. Nxc6 bxc6 11. exd5 Nxd5 12. Nxd5 cxd5 13. Qxd5 Qc7 14. Qc5
Qb7 15. Qa3 Bf5 16. Bd3 Rab8 17. b3 Qc6 18. Bxf5 Qc3 19. Bd3 Rbc8 20. Qa4 Rfd8
21. b4 Rxd3 22. Rxd3 Qa1+ 23. Kd2 Qxh1 24. Ke2 Qxg2+ 25. Bf2 Bf6 26. b5 Qxh2 27.
Qxa7 Qe5+ 28. Be3 Qxb5 0-1

[Event "1st Grand Europe Open"]
[Site "Golden Sands BUL"]
[Date "2012.06.09"]
[Round "6.70"]
[White "Levina, Anna V."]
[Black "Samhouri, Bilal"]
[Result "1/2-1/2"]
[WhiteTitle "WFM"]
[BlackTitle "FM"]
[WhiteElo "2093"]
[BlackElo "2281"]
[WhiteFideId "2017920"]
[BlackFideId "8100942"]
[EventDate "2012.06.04"]
[EventType "swiss"]

1. e4 e5 2. Nf3 Nc6 3. Bb5 a6 4. Ba4 Nf6 5. d4 exd4 6. O-O Be7 7. e5 Ne4 8. Nxd4
Nxd4 9. Qxd4 Nc5 10. Nc3 O-O 11. Nd5 Nxa4 12. Qxa4 d6 13. Nxe7+ Qxe7 14. exd6
Qxd6 15. Bf4 Qc5 1/2-1/2

[Event "1st Grand Europe Open"]
[Site "Golden Sands BUL"]
[Date "2012.06.09"]
[Round "6.71"]
[White "Guempel, Viktor"]
[Black "Khouri, Ahmed Abbas"]
[Result "1-0"]
[WhiteTitle "FM"]
[BlackTitle "FM"]
[WhiteElo "2266"]
[BlackElo "2073"]
[WhiteFideId "4148509"]
[BlackFideId "9301518"]
[EventDate "2012.06.04"]
[EventType "swiss"]

1. e4 c5 2. Nf3 Nc6 3. d4 cxd4 4. Nxd4 Nf6 5. Nc3 d6 6. Bc4 Qb6 7. Nb3 e6 8. Be3
Qc7 9. Nd4 a6 10. f4 b5 11. Bb3 Bb7 12. f5 Nxd4 13. Qxd4 exf5 14. O-O Be7 15.
Rxf5 Bc8 16. Nd5 Qd8 17. Rff1 h6 18. Rad1 Be6 19. Nxe7 Qxe7 20. Bf4 Bxb3 21.
Bxd6 Rd8 22. axb3 Qe6 23. Rf5 Rxd6 24. Qxd6 Qxd6 25. Rxd6 O-O 26. e5 Ne4 27.
Rxa6 Rd8 28. Ra7 f6 29. exf6 Nxf6 30. h3 Rd1+ 31. Kh2 Rb1 32. Rxb5 h5 33. Rbb7 1-0

[Event "1st Grand Europe Open"]
[Site "Golden Sands BUL"]
[Date "2012.06.09"]
[Round "6.73"]
[White "Hagesaether, Ellen"]
[Black "Metev, Martin"]
[Result "1-0"]
[WhiteTitle "WIM"]
[WhiteElo "2252"]
[BlackElo "2004"]
[WhiteFideId "1501909"]
[BlackFideId "2908506"]
[EventDate "2012.06.04"]
[EventType "swiss"]

1. e4 e6 2. Qe2 c5 3. Nf3 Nc6 4. g3 g6 5. Bg2 Bg7 6. c3 Nge7 7. O-O O-O 8. Na3
d5 9. d3 d4 10. e5 dxc3 11. bxc3 a6 12. Nc4 Nd5 13. Bd2 Qc7 14. d4 b5 15. Nd6
Qb6 16. Qe4 cxd4 17. cxd4 Nce7 18. Qh4 f6 19. Bh6 Ra7 20. Bxg7 Kxg7 21. Nd2 Bd7
22. Nb3 Nc3 23. Nc5 Ned5 24. Nxd7 Rxd7 25. Bxd5 Nxd5 26. Rac1 fxe5 27. dxe5 Rc7
28. Rxc7+ Qxc7 29. Qg4 Qd7 30. Rc1 Qa7 31. Rc2 Qe7 32. Rc5 h5 33. Qd4 Qg5 34. h4
Qe7 35. Rc6 a5 36. Ra6 Rd8 37. Rxa5 b4 38. Qc5 Rd7 39. Ne4 Qd8 40. Ng5 Qe8 41.
Ra7 Rxa7 42. Qxa7+ Qe7 43. Qxe7+ Nxe7 44. Nxe6+ Kh6 45. Nc7 Kg7 46. f4 Kf7 47.
Kf2 Nc6 48. Ke3 Ke7 49. Ke4 Kd7 50. Na6 Kc8 51. Kd5 Kb7 52. Nc5+ Kb6 53. Nd3 Kb5
54. e6 Ne7+ 55. Kd6 Nf5+ 56. Kd7 Kc4 57. Nxb4 Kxb4 58. e7 Ng7 59. e8=Q Nxe8 60.
Kxe8 Kc5 61. Kf7 Kd4 62. Kxg6 Ke4 63. f5 Kf3 64. f6 Kxg3 65. Kxh5 1-0

[Event "1st Grand Europe Open"]
[Site "Golden Sands BUL"]
[Date "2012.06.09"]
[Round "6.74"]
[White "Chikovani, Vakhtang"]
[Black "Ivelinov, Hristo"]
[Result "1/2-1/2"]
[WhiteElo "2069"]
[BlackElo "2243"]
[WhiteFideId "13601571"]
[BlackFideId "2904039"]
[EventDate "2012.06.04"]
[EventType "swiss"]

1. Nf3 Nf6 2. b3 d5 3. Bb2 Bf5 4. g3 e6 5. Bg2 Be7 6. O-O h6 7. d3 O-O 8. Nbd2
Nbd7 9. Qe1 Bh7 10. e4 c5 11. Qe2 b5 12. a4 b4 13. Rae1 Rc8 14. exd5 Nxd5 15.
Nc4 Bf6 16. Nfe5 N7b6 17. Nxb6 axb6 18. f4 Re8 19. Kh1 Bxe5 20. fxe5 Ne7 21. Rf4
Rf8 22. Qf2 Nd5 23. Rf3 b5 24. axb5 Qb6 25. g4 Qxb5 26. Qh4 Qd7 27. g5 Qd8 28.
Bc1 Bg6 29. Rh3 h5 30. Rg1 Bf5 31. Qxh5 Bxh3 32. Bxh3 g6 33. Qh4 Ne7 34. Rg3
Qd5+ 35. Bg2 Nf5 36. Bxd5 Nxh4 37. Be4 Kg7 38. Rg4 Rh8 39. Be3 Rc7 40. Bf2 Nf5
41. Bxf5 gxf5 42. Rc4 Rhc8 43. Kg2 Kg6 44. Be3 Rc6 45. h4 Kh5 46. Kf3 R8c7 47.
Bf2 1/2-1/2

[Event "1st Grand Europe Open"]
[Site "Golden Sands BUL"]
[Date "2012.06.09"]
[Round "6.75"]
[White "Ojagverdiyev, Zaur"]
[Black "Spiridonov, Nikola"]
[Result "1/2-1/2"]
[BlackTitle "GM"]
[WhiteElo "2056"]
[BlackElo "2240"]
[WhiteFideId "13402846"]
[BlackFideId "2900238"]
[EventDate "2012.06.04"]
[EventType "swiss"]

1. e4 c5 2. Nf3 Nc6 3. d4 cxd4 4. Nxd4 g6 5. c4 Nf6 6. Nc3 d6 7. Be2 Nxd4 8.
Qxd4 Bg7 9. Be3 O-O 10. Qd2 Be6 11. Rc1 Qa5 12. f3 Rfc8 13. b3 a6 14. Nd5 Qxd2+
15. Kxd2 Nxd5 16. cxd5 Bd7 17. Rxc8+ Rxc8 18. Rc1 Rxc1 19. Kxc1 Kf8 20. a4 e6
21. Kc2 Ke7 22. Kd3 exd5 23. exd5 h5 24. Kc4 Kd8 25. Bb6+ Kc8 26. h4 Bf6 27. Bf2
Kc7 28. g4 b5+ 29. Kb4 a5+ 30. Kxa5 Bc3+ 31. Ka6 bxa4 32. Bb6+ Kb8 33. bxa4 Bxa4
34. gxh5 gxh5 35. Bf2 Bb3 36. f4 Kc7 37. Bxh5 Bc4+ 38. Ka7 Bxd5 39. Bg4 Be4 40.
h5 Bg7 41. f5 d5 42. Be3 d4 43. Bf4+ Kc6 44. h6 Bh8 45. Bh5 Bxf5 46. Bxf7 1/2-1/2

[Event "1st Grand Europe Open"]
[Site "Golden Sands BUL"]
[Date "2012.06.09"]
[Round "6.76"]
[White "Prodileanu, Adrian"]
[Black "Mass, Elvira"]
[Result "1-0"]
[WhiteElo "2226"]
[BlackElo "1988"]
[WhiteFideId "1208861"]
[BlackFideId "4695623"]
[EventDate "2012.06.04"]
[EventType "swiss"]

1. c4 e6 2. g3 d5 3. Bg2 Nf6 4. Nf3 Be7 5. O-O O-O 6. d4 b6 7. Nc3 Bb7 8. Ne5 c5
9. dxc5 bxc5 10. cxd5 exd5 11. Qb3 Qb6 12. Nxd5 Nxd5 13. Bxd5 Qxb3 14. Bxb3 Bf6
15. Nd3 Na6 16. Be3 Bd4 17. Bxd4 cxd4 18. Rfc1 Rfe8 19. Kf1 Be4 20. Rc4 Rad8 21.
Rac1 Bf5 22. Ra4 Rd6 23. Bc4 Bh3+ 24. Kg1 Bc8 25. Ra5 Kf8 26. Bb5 Red8 27. Rxc8
Rxc8 28. Rxa6 Rxa6 29. Bxa6 Rc2 30. Kf1 Ke7 31. Ke1 g5 32. Bb7 f6 33. Kd1 Rc7
34. Be4 Ke6 35. g4 h6 36. Kd2 Kd6 37. Nb4 Rc8 38. Kd3 Rb8 39. Kc4 a5 40. Nd3
Rc8+ 41. Kxd4 Rc2 42. e3 Rc8 43. a3 Rc2 44. Bf3 Ke6 45. b4 Kd6 46. bxa5 Ra2 47.
a6 Rxa3 48. Bb7 Ra4+ 49. Kc3 Kc7 50. Nb4 Ra5 51. Nd5+ Kb8 52. Nxf6 Ra2 53. e4
Rxf2 54. e5 Rxh2 55. e6 Re2 56. Be4 1-0

[Event "1st Grand Europe Open"]
[Site "Golden Sands BUL"]
[Date "2012.06.09"]
[Round "6.77"]
[White "Konijn, Bart"]
[Black "Mihopoulos, Konstantinos"]
[Result "1/2-1/2"]
[WhiteElo "2211"]
[BlackElo "1978"]
[WhiteFideId "1016300"]
[BlackFideId "4217110"]
[EventDate "2012.06.04"]
[EventType "swiss"]

1. e4 c5 2. Nf3 e6 3. d4 cxd4 4. Nxd4 Nf6 5. Nc3 Nc6 6. Ndb5 Bc5 7. Bf4 O-O 8.
Bc7 Qe7 9. Bd6 Bxd6 10. Qxd6 Ne8 11. Qxe7 Nxe7 12. O-O-O f5 13. exf5 Nxf5 14.
Be2 d5 15. Rhe1 Bd7 16. Bg4 a6 17. Nd4 Nxd4 18. Rxd4 Rxf2 19. Nxd5 exd5 20. Bxd7
Nc7 21. Bh3 Raf8 22. Rd2 g6 23. Bg4 Rf1 24. Rdd1 Rxe1 25. Rxe1 Kf7 26. Kd2 Re8
27. Re3 Rxe3 28. Kxe3 Ke7 29. Be2 Kd6 30. Bd3 Ke5 31. c3 a5 32. h4 Ne6 33. g3
Ng7 34. Kf3 Ne6 35. Kg4 Kf6 36. h5 Ng7 37. hxg6 hxg6 38. Kf4 Ne6+ 39. Ke3 g5 40.
Kf3 b6 1/2-1/2

[Event "1st Grand Europe Open"]
[Site "Golden Sands BUL"]
[Date "2012.06.09"]
[Round "6.78"]
[White "Ilic, Slobodan R"]
[Black "Andersen, Alf R."]
[Result "0-1"]
[WhiteElo "2046"]
[BlackElo "2199"]
[WhiteFideId "941832"]
[BlackFideId "1503120"]
[EventDate "2012.06.04"]
[EventType "swiss"]

1. d4 f5 2. Nc3 Nf6 3. Bg5 d5 4. Nf3 e6 5. e3 Be7 6. Ne5 Nbd7 7. Nxd7 Bxd7 8. g3
O-O 9. Bg2 c6 10. O-O h6 11. Bxf6 Bxf6 12. f4 g5 13. Ne2 g4 14. Nc1 c5 15. c3 c4
16. b3 b5 17. Rf2 a5 18. a4 b4 19. bxc4 dxc4 20. Rb2 Rb8 21. Qd2 Qb6 22. Rab1 b3
23. Bf1 Qc6 24. Nxb3 Rxb3 25. Rxb3 cxb3 26. Bb5 Qe4 27. Rxb3 Bc6 28. Bxc6 Qxc6
29. Rb5 Qc4 30. Rc5 Rb8 31. Rb5 Rxb5 32. axb5 Qxb5 33. Qa2 Qc6 34. c4 h5 35. Qc2
Qf3 36. Qd2 h4 37. gxh4 Qc6 38. Qd3 Qf3 39. Qd2 Bxh4 40. d5 exd5 41. cxd5 Bd8
42. Qd4 Bh4 43. Qd2 Qe4 44. d6 Bd8 45. Qa2+ Kf8 46. Qb3 Qc6 47. Qe6 Qc1+ 48. Kg2
Qc6+ 49. Kg1 Qc1+ 50. Kf2 Qd2+ 51. Kg1 Qe1+ 52. Kg2 Qe2+ 53. Kg1 Qd1+ 54. Kg2
Qf3+ 55. Kg1 Qe4 56. Qb3 Bh4 57. d7 Ke7 58. d8=Q+ Kxd8 59. Qb8+ Kd7 60. Qb5+ Ke7
61. Qc5+ Kf7 62. Qc7+ Be7 63. Qc3 Qd5 64. Qc2 Bc5 0-1